Les meilleurs mots d'excuses - Statistiques

Statistiques générales
  • Ce quiz a été pris 46 fois
  • Le résultat moyen est 3 sur 11
Statistiques - réponses
Réponse % Correct
Pardon
92%
Désolé !
90%
Excuse moi
59%
sorry
49%
pardonne moi
18%
Je suis sorry
3%
je t'aime
3%
excuse moi pour hier, je sais que on a quelques différend au niveau du cinéma et je regrette ce que j'ai dit j'ai parlé trop vite surtout que tu t'es excusé et moi non, je retire que tout te pisse dessus et je veux pas que ça entache nos relations
0%
je veux être heureux
0%
Personne ne te pisse dessus
0%
tout le monde fait des erreurs
0%
Aucun quiz correspondant
Distribution des résultats
% des personnes avec chaque résultat
Percentile par nombre de réponses
Votre historique - résultats
Vous n’avez pas pris ce quiz